000 00867nam a22002297a 4500
001 49375
003 BD-RjUL
005 20211209054655.0
008 160820s1964 ii ||||| |||| 00| 0 ben d
020 _c: IRs 20.00
035 _a(BD-RjUL)49494
040 _aBD-RjUL
_bben
_cBD-RjUL
041 _aben
082 _223
_a891.4408
_bRAM 1964
245 0 0 _aরামেশ্বর রচনাবলী /
260 _aকলিকাতা :
_bবঙ্গীয়-সাহিত্য-পরিষদ,
_c১৯৬৪ [১৩৭১]
300 _a৫৯২ পৃ. ;
_c২৩ সেমি.
650 _aবাংলা সাহিত্য
_xসংগ্রহ
_9122902
650 _aBengali literature
_xCollections
_9136141
700 _aচক্রবর্ত্তী, পঞ্চানন, সম্পাদক
_9148229
942 _2ddc
_cBK
999 _c49375
_d49375